000
00295nam a2200109Ia 4500
008
200302s9999 xx 000 0 und d
100
_a
Dr B C Punmia and others
245
_a
Project planning and control with pert and Cpm
260
_b
Laxmi Publication Pvt. Ltd.
260
_c
2017
300
_a
250
999
_c
6790
_d
6790